MARC details
| 000 -LEADER |
| fixed length control field |
01493cam a2200241 4500 |
| 001 - CONTROL NUMBER |
| control field |
WB3804-12 |
| 008 - FIXED-LENGTH DATA ELEMENTS--GENERAL INFORMATION |
| fixed length control field |
020129n2002 000 0 eng u |
| 035 ## - SYSTEM CONTROL NUMBER |
| System control number |
(Sirsi) u116525 |
| 245 ## - TITLE STATEMENT |
| Title |
Limitation |
| 260 ## - PUBLICATION, DISTRIBUTION, ETC. |
| Date of publication, distribution, etc. |
2002 |
| 490 ## - SERIES STATEMENT |
| Series statement |
Estates Gazette Case Summaries |
| Volume/sequential designation |
[2002] 04 EG 173 (CS) (26/1/02) |
| 490 ## - SERIES STATEMENT |
| Series statement |
Property, Planning and Compensation Reports |
| Volume/sequential designation |
[2003] 1 P&CR 153-167(15) |
| 520 ## - SUMMARY, ETC. |
| Summary, etc. |
CA 16 January 2002. "Kensington and Chelsea Royal LBC v Khan and another". The defendants K failed to carry out works to their property as required by notices served upon them by the claimants K. So the claimants carried out the work themselves and obtained statutory charges over the premises to secure their expenses accrued from the work under the Housing Act 1957 and the Housing Act 1961, as amended by the Housing Act 1964. The defendants did not pay, although the claimants did not bring proceedings to recover possession of the land charged until 30 July 1999. The judge found that the claim had been brought within the 12-year limitation period under the Limitation Act 1980 s15 and allowed the claim. The defendants appealed. "Held", appeal dismissed. |
| 590 ## - LOCAL NOTE (RLIN) |
| Local note |
WB |
| 650 ## - SUBJECT ADDED ENTRY--TOPICAL TERM |
| Topical term or geographic name entry element |
LIMITATION |
| 650 ## - SUBJECT ADDED ENTRY--TOPICAL TERM |
| Topical term or geographic name entry element |
LIMITATION ACT 1980 S15 |
| 650 ## - SUBJECT ADDED ENTRY--TOPICAL TERM |
| Topical term or geographic name entry element |
HOUSING ACT 1957 S37 |
| 650 ## - SUBJECT ADDED ENTRY--TOPICAL TERM |
| Topical term or geographic name entry element |
KENSINGTON AND CHELSEA ROYAL LBC V KHAN AND ANOTHER |
| 650 ## - SUBJECT ADDED ENTRY--TOPICAL TERM |
| Topical term or geographic name entry element |
HOUSING ACT 1964 S15 |
| 650 ## - SUBJECT ADDED ENTRY--TOPICAL TERM |
| Topical term or geographic name entry element |
EXPENSES |
| 690 ## - LOCAL SUBJECT ADDED ENTRY--TOPICAL TERM (OCLC, RLIN) |
| Topical term or geographic name as entry element |
LANDLORD AND TENANT-RESIDENTIAL TENANCIES-CASE LAW |
| 942 ## - ADDED ENTRY ELEMENTS (KOHA) |
| Suppress in OPAC |
0 |